International modern plays: lady julie, hannele, the life of the insects, the infernal machine, the mask and the face (Record no. 48843)

MARC details
000 -LEADER
fixed length control field 00440nam a2200145Ia 4500
008 - FIXED-LENGTH DATA ELEMENTS--GENERAL INFORMATION
fixed length control field 230917s9999||||xx |||||||||||||| ||und||
040 ## - CATALOGING SOURCE
-- 61120
Original cataloging agency VIVEKANANDA LIBRARY
041 ## - Language
-- English
082 ## - DDC NUMBER
Classification number 822.08 D435I
100 ## - MAIN ENTRY--PERSONAL NAME
Personal name Strinetberg, August
245 #0 - TITLE STATEMENT
Title International modern plays: lady julie, hannele, the life of the insects, the infernal machine, the mask and the face
260 ## - PUBLICATION, DISTRIBUTION, ETC. (IMPRINT)
Place of publication, distribution, etc London
Name of publisher, distributor, etc J M Dent
Date of publication, distribution, etc 1952
300 ## - PHYSICAL DESCRIPTION
Pages 304 p.
942 ## - ADDED ENTRY ELEMENTS (KOHA)
Koha item type Books
Holdings
Withdrawn status Lost status Damaged status Not for loan Location (home branch) Sublocation or collection (holding branch) Date acquired Koha issues (times borrowed) Koha full call number Accession No. Koha date last seen Koha item type
        VIVEKANANDA LIBRARY VIVEKANANDA LIBRARY 02/01/2003   822.08 D435I 116528 17/09/2023 Books
© Designed and Maintained by Vivekananda Library, MDU Rohtak